[Event "Eastern Asia-ch U20 Girls"]
[Site "Kota Kinabalu"]
[Date "2023.12.04"]
[Round "4"]
[White "Altantuya, Boldbaatar"]
[Black "Singgih, Diajeng Theresa"]
[Result "1/2-1/2"]
[WhiteElo "2115"]
[BlackElo "1827"]
[PlyCount "98"]
[EventDate "2023.12.02"]
[EventType "swiss"]
[EventRounds "9"]
[EventCountry "MAS"]
[SourceTitle "CB50_2023"]
[SourceDate "2023.12.13"]
[SourceVersion "1"]
[SourceVersionDate "2023.12.13"]
[SourceQuality "1"]

1. d4 d5 2. c4 e6 3. Nc3 Nf6 4. Nf3 Be7 5. Bf4 0-0 6. e3 b6 7. Rc1 c5 8. Be2 dxc4 9. Bxc4 cxd4 10. Nxd4 Bb7 11. 0-0 Nc6 12. Nxc6 Bxc6 13. Qc2 Qc8 14. Qe2 a6 15. e4 Qb7 16. e5 Nd5 17. Nxd5 Bxd5 18. Bxd5 Qxd5 19. a3 Qb7 20. Qg4 Rfc8 21. Bh6 Bf8 22. Rcd1 Qc7 23. Rfe1 Qc2 24. Rd2 Qg6 25. Qxg6 hxg6 26. Bg5 b5 27. Red1 b4 28. axb4 Bxb4 29. Re2 a5 30. h4 Rc4 31. Rc1 Rxc1+ 32. Bxc1 Rc8 33. Bg5 Kf8 34. g3 Be7 35. Bxe7+ Kxe7 36. Rd2 Rc1+ 37. Kg2 Re1 38. f4 Re3 39. Kh3 f6 40. exf6+ gxf6 41. Rc2 f5 42. Rc7+ Kf6 43. Ra7 Rb3 44. Rxa5 Rxb2 45. Ra8 Rc2 46. Rf8+ Kg7 47. Rd8 Kf6 48. Rd7 Ra2 49. Rh7 Ra1 1/2-1/2

[Event "MGL-ch (Women)"]
[Site "Ulaanbaatar"]
[Date "2023.05.28"]
[Round "9"]
[White "Amin Erdene, Bayanmunkh"]
[Black "Altantuya, Boldbaatar"]
[Result "0-1"]
[WhiteElo "1620"]
[BlackElo "2191"]
[PlyCount "118"]
[EventDate "2023.05.20"]
[EventType "tourn"]
[EventRounds "11"]
[EventCountry "MGL"]
[SourceTitle "CBM 214 Extra"]
[Source "ChessBase"]
[SourceDate "2023.07.31"]
[SourceVersion "1"]
[SourceVersionDate "2023.07.31"]
[SourceQuality "1"]

1. d4 b6 2. c4 e6 3. Nf3 Bb7 4. g3 Nf6 5. Bg2 Be7 6. 0-0 0-0 7. Nc3 d5 8. cxd5 exd5 9. Qc2 c5 10. dxc5 bxc5 11. e3 Nc6 12. Rd1 Qc7 13. Nh4 g6 14. a3 Rad8 15. b3 d4 16. Na4 Ne5 17. Bxb7 Qxb7 18. Nxc5 Nf3+ 19. Nxf3 Qxf3 20. b4 Ng4 21. Re1 d3 22. Qd2 Nxh2 23. e4 Qh5 24. Re3 Ng4 25. Nxd3 Bf6 26. Rb1 Nxe3 27. Qxe3 Qd1+ 28. Ne1 Bd4 29. Qd2 Qxd2 30. Bxd2 Bxf2+ 31. Kxf2 Rxd2+ 32. Ke3 Rfd8 33. Rb3 h5 34. a4 Ra2 35. a5 Rb8 36. Nd3 Rxa5 37. Rc3 Ra4 38. Rc7 Ra3 39. Ke2 Rxd3 40. Kxd3 Rxb4 41. Rxa7 Rb3+ 42. Ke2 Rxg3 43. Kf2 Rb3 44. Rc7 Kg7 45. e5 Kf8 46. Rc5 Ke7 47. Kg2 Ke6 48. Kf2 Rd3 49. Rc7 Rd5 50. Kg3 Rxe5 51. Kh4 Re4+ 52. Kh3 g5 53. Rc5 Kf6 54. Kg3 h4+ 55. Kh3 Re3+ 56. Kh2 g4 57. Kh1 Kg6 58. Kg1 h3 59. Kh1 g3 0-1

[Event "MGL-ch (Women)"]
[Site "Ulaanbaatar"]
[Date "2023.05.23"]
[Round "4"]
[White "Udval, Enkhsaikhan"]
[Black "Altantuya, Boldbaatar"]
[Result "0-1"]
[WhiteElo "1682"]
[BlackElo "2191"]
[PlyCount "78"]
[EventDate "2023.05.20"]
[EventType "tourn"]
[EventRounds "11"]
[EventCountry "MGL"]
[SourceTitle "CBM 214 Extra"]
[Source "ChessBase"]
[SourceDate "2023.07.31"]
[SourceVersion "1"]
[SourceVersionDate "2023.07.31"]
[SourceQuality "1"]

1. d4 Nf6 2. c4 e6 3. g3 d5 4. Nf3 Bb4+ 5. Bd2 a5 6. Bg2 0-0 7. Qc2 c5 8. cxd5 cxd4 9. Nxd4 Qb6 10. Nf3 exd5 11. 0-0 Nc6 12. Bf4 Re8 13. a3 Bf8 14. Nc3 d4 15. Na4 Qb5 16. Qd1 Be6 17. Nd2 g5 18. Bc7 Rac8 19. Bb6 Bd5 20. e4 Nxe4 21. Nxe4 Bxe4 22. Bxe4 Rxe4 23. Rc1 g4 24. f3 Re2 25. fxg4 Rce8 26. Bxd4 Qd5 27. Bf2 Rd2 28. Nc3 Rxd1 29. Nxd5 Rxd5 30. Rc4 Ne5 31. Rc7 Nxg4 32. Bb6 Ne3 33. Bxe3 Rxe3 34. Rfxf7 Re2 35. Kf1 Rxb2 36. Ke1 Bxa3 37. Rg7+ Kf8 38. Rxh7 Bb4+ 39. Kf1 Rd1# 0-1

[Event "Wch U20 Girls 38th"]
[Site "Cala Gonone"]
[Date "2022.10.21"]
[Round "10"]
[White "Altantuya, Boldbaatar"]
[Black "Sebastian, Mhage Gerriahlou"]
[Result "1-0"]
[WhiteElo "2223"]
[BlackElo "1865"]
[PlyCount "114"]
[EventDate "2022.10.12"]
[EventType "swiss"]
[EventRounds "11"]
[EventCountry "ITA"]
[SourceTitle "CBM 210 Extra"]
[Source "ChessBase"]
[SourceDate "2022.11.30"]
[SourceVersion "1"]
[SourceVersionDate "2022.11.30"]
[SourceQuality "1"]

1. d4 Nf6 2. c4 e6 3. Nf3 d5 4. Nc3 c6 5. e3 Nbd7 6. Bd3 Bd6 7. 0-0 0-0 8. a4 dxc4 9. Bxc4 e5 10. e4 exd4 11. Nxd4 Nc5 12. Bg5 h6 13. Bh4 Be5 14. Nf3 Bxc3 15. Qc2 Bxb2 16. e5 Bxe5 17. Nxe5 Be6 18. Bxe6 Nxe6 19. Rad1 Qe7 20. Bxf6 gxf6 21. Ng4 Kg7 22. Qf5 Rad8 23. Qh5 Rh8 24. Rxd8 Nxd8 25. Ne3 Qe5 26. Nf5+ Kf8 27. Rd1 Ne6 28. h3 Rh7 29. Qf3 Ke8 30. Nd6+ Ke7 31. Nxb7 Rh8 32. Qxc6 f5 33. Qd7+ Kf6 34. Nd6 Rf8 35. Qxa7 Nf4 36. Kh1 Kg6 37. Qd4 Qe2 38. Qd2 Ra8 39. Qxe2 Nxe2 40. Ra1 Ra6 41. Nb5 Ra5 42. g3 f4 43. Kg2 fxg3 44. fxg3 f5 45. Kf3 Rxb5 46. axb5 Nd4+ 47. Kf4 Nxb5 48. Ra6+ Kg7 49. Kxf5 Nd4+ 50. Ke4 Nb3 51. Ra3 Nd2+ 52. Kf5 Nf1 53. Rd3 Kf7 54. g4 h5 55. gxh5 Kg7 56. Kg4 Kh6 57. Kf3 Kxh5 1-0

[Event "Wch U20 Girls 38th"]
[Site "Cala Gonone"]
[Date "2022.10.18"]
[Round "7"]
[White "Altantuya, Boldbaatar"]
[Black "Hajiyeva, Laman"]
[Result "0-1"]
[WhiteElo "2223"]
[BlackElo "2138"]
[PlyCount "74"]
[EventDate "2022.10.12"]
[EventType "swiss"]
[EventRounds "11"]
[EventCountry "ITA"]
[SourceTitle "CBM 210 Extra"]
[Source "ChessBase"]
[SourceDate "2022.11.30"]
[SourceVersion "1"]
[SourceVersionDate "2022.11.30"]
[SourceQuality "1"]

1. d4 d5 2. c4 c6 3. Nc3 Nf6 4. e3 e6 5. Nf3 Nbd7 6. Bd3 dxc4 7. Bxc4 b5 8. Bd3 b4 9. Ne4 Nxe4 10. Bxe4 Bb7 11. Bd2 Qb6 12. 0-0 Be7 13. Rc1 Rc8 14. Bb1 c5 15. dxc5 Bxc5 16. Ne1 0-0 17. Nd3 Bd6 18. Qh5 Nf6 19. Qh4 Be4 20. Rcd1 Rfd8 21. Bc1 b3 22. axb3 Qxb3 23. Rd2 Be7 24. Nc5 Rxc5 25. Rxd8+ Bxd8 26. Bxe4 g5 27. Bxh7+ Nxh7 28. Qd4 Qd5 29. Qa4 Qc6 30. Qa1 Rc2 31. b4 Bf6 32. Qb1 Be5 33. b5 Qc7 34. h3 Nf6 35. Ba3 Ne4 36. f4 Qc3 37. Qb4 Qxe3+ 0-1

[Event "Wch U20 Girls 38th"]
[Site "Cala Gonone"]
[Date "2022.10.16"]
[Round "6"]
[White "Aydin, Gulenay"]
[Black "Altantuya, Boldbaatar"]
[Result "0-1"]
[WhiteElo "2109"]
[BlackElo "2223"]
[PlyCount "48"]
[EventDate "2022.10.12"]
[EventType "swiss"]
[EventRounds "11"]
[EventCountry "ITA"]
[SourceTitle "CBM 210 Extra"]
[Source "ChessBase"]
[SourceDate "2022.11.30"]
[SourceVersion "1"]
[SourceVersionDate "2022.11.30"]
[SourceQuality "1"]

1. e4 e6 2. d4 d5 3. Nd2 a6 4. Ngf3 c5 5. dxc5 Bxc5 6. Bd3 Nc6 7. a3 Nge7 8. 0-0 0-0 9. b4 Ba7 10. Bb2 Ng6 11. exd5 exd5 12. Nb3 Nf4 13. Qd2 Bb8 14. Rfe1 f6 15. Bf1 Bg4 16. Nbd4 Ne5 17. Nxe5 fxe5 18. Ne2 Bxe2 19. Rxe2 Nxe2+ 20. Qxe2 Qf6 21. Rd1 Ba7 22. Rd2 Qxf2+ 23. Qxf2 Rxf2 24. Rxf2 Rf8 0-1

[Event "Wch U20 Girls 38th"]
[Site "Cala Gonone"]
[Date "2022.10.13"]
[Round "3"]
[White "Altantuya, Boldbaatar"]
[Black "Ortega Beltran, Ximena"]
[Result "1-0"]
[WhiteElo "2223"]
[BlackElo "1820"]
[PlyCount "53"]
[EventDate "2022.10.12"]
[EventType "swiss"]
[EventRounds "11"]
[EventCountry "ITA"]
[SourceTitle "CBM 210 Extra"]
[Source "ChessBase"]
[SourceDate "2022.11.30"]
[SourceVersion "1"]
[SourceVersionDate "2022.11.30"]
[SourceQuality "1"]

1. d4 Nf6 2. c4 c5 3. d5 b5 4. Nf3 g6 5. cxb5 a6 6. e3 e6 7. Nc3 exd5 8. Nxd5 Bb7 9. Nxf6+ Qxf6 10. bxa6 Nxa6 11. Bb5 Bd6 12. a4 0-0 13. 0-0 g5 14. e4 Bf4 15. Bxf4 Qxf4 16. Qc1 Qxe4 17. Qxg5+ Qg6 18. Qxg6+ fxg6 19. Bxd7 Nb4 20. Ne5 Rf4 21. Rac1 Ra5 22. Bb5 Rf5 23. Rxc5 Bd5 24. Nc4 Ra7 25. Ne3 Re5 26. Nxd5 Rxd5 27. Bc4 1-0

[Event "MGL-ch (Women)"]
[Site "Chinggis City"]
[Date "2022.05.19"]
[Round "7"]
[White "Anu, Bayar"]
[Black "Altantuya, Boldbaatar"]
[Result "0-1"]
[WhiteElo "2102"]
[BlackElo "2263"]
[PlyCount "92"]
[EventDate "2022.05.12"]
[EventType "tourn"]
[EventRounds "11"]
[EventCountry "MGL"]
[SourceTitle "CBM 208 Extra"]
[Source "ChessBase"]
[SourceDate "2022.07.31"]
[SourceVersion "1"]
[SourceVersionDate "2022.07.31"]
[SourceQuality "1"]

1. d4 e6 2. c4 Bb4+ 3. Bd2 a5 4. g3 Nf6 5. Bg2 d5 6. Nf3 0-0 7. 0-0 dxc4 8. Bg5 Be7 9. Ne5 h6 10. Bf4 Nd5 11. Nxc4 Nc6 12. Bc1 b5 13. Ne3 b4 14. Nxd5 exd5 15. e4 Ba6 16. Re1 dxe4 17. Bxe4 Nxd4 18. Bxa8 Ne2+ 19. Kg2 Qxa8+ 20. f3 Re8 21. Nd2 Bg5 22. Nb3 Bxc1 23. Nxc1 Re3 24. Rf1 Nxc1 25. Rxc1 Bxf1+ 26. Qxf1 Qd5 27. Rd1 Qxa2 28. Rd8+ Kh7 29. Qf2 Qb3 30. Rf8 Qd3 31. Rd8 Qe2 32. Ra8 Qxf2+ 33. Kxf2 Rb3 34. Rxa5 Rxb2+ 35. Ke3 Rc2 36. Rb5 c5 37. h4 Rc3+ 38. Ke4 b3 39. g4 c4 40. f4 Rc2 41. g5 hxg5 42. hxg5 b2 43. f5 c3 44. Rb6 Rc1 45. g6+ fxg6 46. fxg6+ Kh6 0-1

[Event "Wch FIDE Online U16 Girls Asia qual"]
[Site "Tornelo INT"]
[Date "2020.12.13"]
[Round "6"]
[White "Altantuya, Boldbaatar"]
[Black "Nurgali, Nazerke"]
[Result "1-0"]
[WhiteElo "2263"]
[BlackElo "2217"]
[PlyCount "125"]
[EventDate "2020.12.11"]
[EventType "swiss (rapid)"]
[EventRounds "7"]
[EventCountry "ISS"]
[SourceTitle "EXT 2022"]
[Source "ChessBase"]
[SourceDate "2021.10.06"]
[SourceVersion "1"]
[SourceVersionDate "2021.10.06"]
[SourceQuality "1"]

1. d4 Nf6 2. c4 e6 3. Nf3 d5 4. Nc3 Be7 5. Bf4 0-0 6. e3 b6 7. Rc1 Bb7 8. cxd5 exd5 9. Bd3 c5 10. 0-0 Na6 11. Ne5 Nc7 12. Bf5 Ne6 13. Bg3 g6 14. Bxe6 fxe6 15. Qa4 Qe8 16. Qxe8 Raxe8 17. Nb5 Ba6 18. a4 Ne4 19. Nc6 cxd4 20. exd4 Bg5 21. Rc2 Rf7 22. Be5 Ref8 23. f3 Nd2 24. Rd1 Nc4 25. Nd6 Nxd6 26. Bxd6 Rc8 27. b4 Bc4 28. Ne5 Rb7 29. b5 Rd8 30. Nxc4 dxc4 31. Be5 Rc8 32. f4 Be7 33. Rdc1 a6 34. bxa6 Ra7 35. Rxc4 Rxc4 36. Rxc4 Rxa6 37. g4 Kf7 38. Kg2 Ke8 39. Kf3 Kd7 40. Ke4 Ra5 41. Rc7+ Kd8 42. Rb7 Rxa4 43. Rxb6 Kd7 44. Rb7+ Ke8 45. Rb8+ Kd7 46. Rh8 Ra1 47. Rxh7 Re1+ 48. Kd3 Ke8 49. g5 Rd1+ 50. Ke2 Ra1 51. Kf2 Ra2+ 52. Kg3 Bb4 53. Rg7 Ra3+ 54. Kg4 Ra2 55. Rxg6 Rg2+ 56. Kf3 Rxh2 57. Rxe6+ Kf7 58. Rb6 Be1 59. g6+ Ke8 60. Rb8+ Ke7 61. g7 Rf2+ 62. Ke4 Re2+ 63. Kd5 1-0

[Event "Asia Nations online Cup (Women) final"]
[Site "Chess.com INT"]
[Date "2020.10.24"]
[Round "4.3"]
[White "Altantuya, Boldbaatar"]
[Black "Padmini, Rout"]
[Result "0-1"]
[WhiteElo "2263"]
[BlackElo "2370"]
[PlyCount "70"]
[EventDate "2020.10.23"]
[EventType "team-k.o. (rapid)"]
[EventRounds "6"]
[EventCountry "IND"]
[SourceTitle "CBM 199 Extra"]
[Source "ChessBase"]
[SourceDate "2021.01.31"]
[SourceVersion "1"]
[SourceVersionDate "2021.01.31"]
[SourceQuality "1"]
[WhiteTeam "Mongolia (W)"]
[BlackTeam "India (W)"]
[WhiteTeamCountry "MGL"]
[BlackTeamCountry "IND"]

1. d4 Nf6 2. Bf4 d5 3. e3 e6 4. Nf3 Bd6 5. Bg3 0-0 6. Nbd2 c5 7. c3 Qc7 8. Bd3 Nbd7 9. 0-0 Bxg3 10. hxg3 e5 11. e4 dxe4 12. Nxe4 Nxe4 13. Bxe4 Nf6 14. Bc2 e4 15. Ng5 Bf5 16. Re1 Rae8 17. f3 Qxg3 18. Nxe4 Bxe4 19. Bxe4 Rd8 20. Bxb7 cxd4 21. cxd4 Nh5 22. Rc1 Nf4 23. Rc2 Rxd4 24. Qb1 Rd6 25. Re4 Rh6 26. Rxf4 Qxf4 27. Qe1 Qh2+ 28. Kf2 Re6 29. Qd2 Rg6 30. f4 Rg4 31. Rc4 g5 32. Bf3 Qg3+ 33. Kf1 Rxf4 34. Rc5 h6 35. Kg1 Rxf3 0-1

[Event "Asia Nations online Cup (Women) final"]
[Site "Chess.com INT"]
[Date "2020.10.23"]
[Round "2.3"]
[White "Nguyen, Thi Mai Hung"]
[Black "Altantuya, Boldbaatar"]
[Result "0-1"]
[WhiteElo "2258"]
[BlackElo "2263"]
[PlyCount "94"]
[EventDate "2020.10.23"]
[EventType "team-k.o. (rapid)"]
[EventRounds "6"]
[EventCountry "IND"]
[SourceTitle "CBM 199 Extra"]
[Source "ChessBase"]
[SourceDate "2021.01.31"]
[SourceVersion "1"]
[SourceVersionDate "2021.01.31"]
[SourceQuality "1"]
[WhiteTeam "Vietnam (W)"]
[BlackTeam "Mongolia (W)"]
[WhiteTeamCountry "VIE"]
[BlackTeamCountry "MGL"]

1. d4 Nf6 2. Nf3 e6 3. Bf4 d5 4. e3 Bd6 5. Bg3 0-0 6. Nbd2 c5 7. c3 b6 8. Bd3 Bb7 9. Qb1 Nc6 10. Ne5 Ne7 11. 0-0 Ng6 12. f4 Qc7 13. Rf3 a5 14. a3 Rac8 15. Bf2 c4 16. Bc2 b5 17. Nxg6 hxg6 18. Bh4 b4 19. axb4 axb4 20. Bxf6 gxf6 21. Bxg6 fxg6 22. Qxg6+ Qg7 23. Qh5 Qh7 24. Rg3+ Kh8 25. Qf3 Qf5 26. Rg4 Rf7 27. Nf1 Rg8 28. Rh4+ Rh7 29. Ng3 Qg6 30. Rxh7+ Qxh7 31. cxb4 Bxb4 32. h3 Bd6 33. Ra7 Ra8 34. Rxa8+ Bxa8 35. Qd1 Bc6 36. Kf2 Kg8 37. Qg4+ Kf7 38. Nh5 f5 39. Qe2 Kg6 40. g4 fxg4 41. hxg4 Kf7 42. Kg3 Qe4 43. Kh2 Ba4 44. g5 Qc2 45. Ng3 Qxe2+ 46. Nxe2 Bb4 47. Kg2 Bd1 0-1

[Event "Asia Nations online Cup (Women)"]
[Site "Chess.com INT"]
[Date "2020.10.19"]
[Round "8.3"]
[White "Altantuya, Boldbaatar"]
[Black "Mendoza, Shania Mae"]
[Result "1/2-1/2"]
[WhiteElo "2263"]
[BlackElo "2158"]
[PlyCount "108"]
[EventDate "2020.10.11"]
[EventType "team-swiss (rapid)"]
[EventRounds "9"]
[EventCountry "IND"]
[SourceTitle "CBM 198 Extra"]
[Source "ChessBase"]
[SourceDate "2020.11.30"]
[SourceVersion "1"]
[SourceVersionDate "2020.11.30"]
[SourceQuality "1"]
[WhiteTeam "Mongolia (W)"]
[BlackTeam "Philippines (W)"]
[WhiteTeamCountry "MGL"]
[BlackTeamCountry "PHI"]

1. d4 d5 2. c4 c6 3. Nc3 Nf6 4. Nf3 a6 5. e3 e6 6. Bd3 Nbd7 7. 0-0 dxc4 8. Bxc4 b5 9. Bd3 c5 10. e4 cxd4 11. Nxd4 Bb7 12. Re1 Bc5 13. Nb3 e5 14. a3 0-0 15. Be3 Rc8 16. Rc1 Qe7 17. Nxc5 Nxc5 18. Bxc5 Rxc5 19. Qe2 Rfc8 20. f3 h6 21. Qe3 Qe6 22. Ne2 Rxc1 23. Rxc1 Rxc1+ 24. Qxc1 Qc6 25. Qxc6 Bxc6 26. Nc3 Nd7 27. Kf2 Kf8 28. Ke3 Ke7 29. Na2 Kd6 30. Nb4 Bb7 31. Kd2 Nc5 32. Be2 Ne6 33. Nc2 Bc6 34. Ne3 g6 35. a4 Nd4 36. Bf1 h5 37. axb5 axb5 38. Nc2 Ne6 39. Nb4 Kc5 40. Nd3+ Kd6 41. Nb4 Kc5 42. Kc3 Nd4 43. Nd3+ Kd6 44. f4 f6 45. fxe5+ fxe5 46. Nf2 Kc5 47. Nd3+ Kd6 48. Nf2 Kc5 49. b4+ Kd6 50. Bd3 Bd7 51. Nd1 Bc6 52. Kd2 Bd7 53. Nc3 Bc6 54. Ke3 Ke6 1/2-1/2

[Event "Ulaanbaatar Chess Day"]
[Site "Ulaanbaatar"]
[Date "2020.09.27"]
[Round "7"]
[White "Gunbayar, Myagmarsuren"]
[Black "Altantuya, Boldbaatar"]
[Result "1/2-1/2"]
[WhiteElo "2255"]
[BlackElo "2287"]
[PlyCount "49"]
[EventDate "2020.09.22"]
[EventType "tourn"]
[EventRounds "9"]
[EventCountry "MGL"]
[SourceTitle "CBM 198 Extra"]
[Source "ChessBase"]
[SourceDate "2020.11.30"]
[SourceVersion "1"]
[SourceVersionDate "2020.11.30"]
[SourceQuality "1"]

1. e4 c5 2. Nf3 e6 3. c3 d5 4. exd5 exd5 5. d4 Nc6 6. Be2 Bd6 7. 0-0 Nge7 8. dxc5 Bxc5 9. Nbd2 0-0 10. Nb3 Bd6 11. Nbd4 a6 12. h3 Nf5 13. Nxf5 Bxf5 14. Bg5 Be7 15. Bxe7 Nxe7 16. Nd4 Bg6 17. Bf3 Qd6 18. Re1 Nc6 19. Qd2 Rfe8 20. Nb3 Rad8 21. Rad1 Ne7 22. Nd4 Nc6 23. Nb3 Ne7 24. Nd4 Nc6 25. Nb3 1/2-1/2

[Event "Ulaanbaatar Chess Day"]
[Site "Ulaanbaatar"]
[Date "2020.09.26"]
[Round "6"]
[White "Altantuya, Boldbaatar"]
[Black "Sharavdorj, Dashzeveg"]
[Result "1/2-1/2"]
[WhiteElo "2287"]
[BlackElo "2370"]
[PlyCount "52"]
[EventDate "2020.09.22"]
[EventType "tourn"]
[EventRounds "9"]
[EventCountry "MGL"]
[SourceTitle "CBM 198 Extra"]
[Source "ChessBase"]
[SourceDate "2020.11.30"]
[SourceVersion "1"]
[SourceVersionDate "2020.11.30"]
[SourceQuality "1"]

1. e4 c5 2. Nf3 e6 3. d4 cxd4 4. Nxd4 Nc6 5. Nc3 a6 6. g3 d6 7. Bg2 Bd7 8. 0-0 Nf6 9. Be3 Be7 10. f4 0-0 11. Qe2 Nxd4 12. Bxd4 Bc6 13. Rad1 Nd7 14. Qg4 e5 15. Be3 Rc8 16. f5 Nf6 17. Qe2 h6 18. Bf3 b5 19. a3 Qc7 20. Bf2 Qb7 21. Qe3 b4 22. axb4 Qxb4 23. Qb6 Qxb6 24. Bxb6 Bb7 25. Rfe1 Rc4 26. Ba5 Rfc8 1/2-1/2

[Event "Ulaanbaatar Chess Day"]
[Site "Ulaanbaatar"]
[Date "2020.09.25"]
[Round "4"]
[White "Altantuya, Boldbaatar"]
[Black "Munkhgal, Gombosuren"]
[Result "0-1"]
[WhiteElo "2287"]
[BlackElo "2501"]
[PlyCount "116"]
[EventDate "2020.09.22"]
[EventType "tourn"]
[EventRounds "9"]
[EventCountry "MGL"]
[SourceTitle "CBM 198 Extra"]
[Source "ChessBase"]
[SourceDate "2020.11.30"]
[SourceVersion "1"]
[SourceVersionDate "2020.11.30"]
[SourceQuality "1"]

1. d4 Nf6 2. c4 e6 3. Nf3 d5 4. Nc3 Bb4 5. cxd5 exd5 6. Bg5 h6 7. Bxf6 Qxf6 8. e3 0-0 9. Qc2 c5 10. a3 Bxc3+ 11. Qxc3 Nd7 12. dxc5 Qxc3+ 13. bxc3 Nxc5 14. c4 dxc4 15. Bxc4 Be6 16. Bxe6 Nxe6 17. 0-0 Rac8 18. Rfd1 Rfd8 19. h3 Kf8 20. Rxd8+ Rxd8 21. Ne5 Rd5 22. f4 f6 23. Nf3 Rd3 24. Kf2 Rb3 25. Ra2 Ke7 26. Nd2 Rc3 27. Ne4 Rc1 28. g4 b5 29. h4 Rc4 30. Kf3 Ra4 31. f5 Nf8 32. Nc5 Rc4 33. Nd3 Nd7 34. Nf4 Ne5+ 35. Kg3 a5 36. Rb2 Rc5 37. Ne6 Rc3 38. Rxb5 Rxe3+ 39. Kf4 Rxa3 40. Nxg7 Ra4+ 41. Ke3 Rxg4 42. Rb7+ Kd6 43. Nh5 Kc6 44. Rh7 a4 45. Nxf6 Rxh4 46. Ra7 Kb6 47. Ra8 Kb7 48. Rd8 a3 49. Rd1 Nc4+ 50. Kf3 a2 51. Ne4 Rxe4 52. Kxe4 Nd2+ 53. Ke3 Nb1 54. Rd7+ Kb6 55. Rd6+ Kb5 56. Rd5+ Kb4 57. Rd4+ Kb3 58. Rd3+ Nc3 0-1

[Event "Wch U20 Girls 37th"]
[Site "New Delhi"]
[Date "2019.10.25"]
[Round "11"]
[White "Eesha, Ajay Sarda"]
[Black "Altantuya, Boldbaatar"]
[Result "0-1"]
[WhiteElo "1744"]
[BlackElo "2277"]
[PlyCount "186"]
[EventDate "2019.10.15"]
[EventType "swiss"]
[EventRounds "11"]
[EventCountry "IND"]
[SourceTitle "CBM 192 Extra"]
[Source "Chessbase"]
[SourceDate "2019.11.06"]
[SourceVersion "1"]
[SourceVersionDate "2019.11.06"]
[SourceQuality "1"]

1. d4 Nf6 2. Nf3 e6 3. Bf4 d5 4. e3 Bd6 5. Bg3 0-0 6. Bd3 c5 7. c3 b6 8. Qe2 Bb7 9. Nbd2 Qc7 10. Ne5 Nc6 11. Ndf3 Ne7 12. 0-0 Ne4 13. Bxe4 dxe4 14. Nd2 Nf5 15. Nec4 Nxg3 16. hxg3 Be7 17. Rfd1 b5 18. Na3 a6 19. Nc2 f5 20. dxc5 Bxc5 21. c4 bxc4 22. Nxc4 Bd5 23. Nd4 Rfd8 24. Rac1 Rac8 25. Nb3 Bb4 26. Ncd2 Qb7 27. Rxc8 Rxc8 28. Rc1 g6 29. Qd1 Kf7 30. Rc2 Be7 31. Na5 Qb8 32. Qc1 Rxc2 33. Qxc2 Qb4 34. Nac4 Qc5 35. Qa4 Qb5 36. Qc2 Kg7 37. b3 Qc5 38. Kf1 Bf6 39. Ke2 g5 40. Kf1 h5 41. Qd1 Kh6 42. Qc2 Bb7 43. Qc1 Kg6 44. Ke2 a5 45. Kf1 Ba6 46. Kg1 Qb4 47. a3 Qc5 48. Qc2 Bb7 49. Kh2 Kh6 50. Kg1 Bd5 51. Kf1 Bc6 52. Kg1 Kg7 53. Qd1 g4 54. Qc2 Bd5 55. Kf1 Kf8 56. Kg1 Ke7 57. Kf1 Bc6 58. Kg1 Bb7 59. Qd1 h4 60. gxh4 Bxh4 61. g3 Bf6 62. Kg2 Kf7 63. Nb1 Bd5 64. Qc2 Kg7 65. Nbd2 Kh6 66. Qc1 Kg5 67. Qh1 Kg6 68. Qc1 Kg7 69. Qc2 Bc6 70. Kg1 Bb5 71. Kg2 Kg6 72. Kg1 Qc7 73. Kg2 Qd8 74. Qc1 Ba6 75. Kg1 Qd5 76. Kg2 Qc5 77. Qc2 Bb7 78. Qc1 Qc7 79. Kg1 Kh7 80. Qc2 Bd5 81. Kg2 Be7 82. Qc1 Kg6 83. Qf1 Bc5 84. Qc1 Bf8 85. Qc2 Kf7 86. Qc3 Kg8 87. Qc2 Qc6 88. Qc3 Qc7 89. Qc2 Qh7 90. Qc1 Qh3+ 91. Kg1 Bg7 92. Nxa5 f4 93. Qf1 fxe3 0-1

[Event "Wch U20 Girls 37th"]
[Site "New Delhi"]
[Date "2019.10.24"]
[Round "10"]
[White "Altantuya, Boldbaatar"]
[Black "Aakanksha, Hagawane"]
[Result "0-1"]
[WhiteElo "2277"]
[BlackElo "2181"]
[PlyCount "128"]
[EventDate "2019.10.15"]
[EventType "swiss"]
[EventRounds "11"]
[EventCountry "IND"]
[SourceTitle "CBM 192 Extra"]
[Source "Chessbase"]
[SourceDate "2019.11.06"]
[SourceVersion "1"]
[SourceVersionDate "2019.11.06"]
[SourceQuality "1"]

1. d4 Nf6 2. Bg5 d5 3. Nc3 Bf5 4. Nf3 Nbd7 5. e3 g6 6. Qd2 Bg7 7. 0-0-0 c6 8. h3 b5 9. Ne5 b4 10. Na4 Ne4 11. Nxc6 Nxd2 12. Nxd8 Ne4 13. Nc6 Nxg5 14. Nxb4 Be6 15. Nc3 Nb6 16. Bb5+ Kf8 17. Bc6 Rc8 18. Bb7 Rxc3 19. bxc3 Ne4 20. Rdf1 Nxc3 21. Ba6 Bd7 22. Kd2 Ne4+ 23. Ke2 e5 24. dxe5 Bxe5 25. Nd3 Bd6 26. Ra1 Ke7 27. Rhe1 Bc8 28. Bxc8 Rxc8 29. Kf1 Rxc2 30. Re2 Rc3 31. Rd1 Ra3 32. Rc2 Nc3 33. Ra1 Nc4 34. Nc1 Be5 35. Nb3 a5 36. Nd4 Bxd4 37. exd4 Nb5 38. Rd1 Kd6 39. Ke1 Ra4 40. Rd3 Rb4 41. f3 a4 42. Kf2 a3 43. Kg3 Nb2 44. Rdd2 Rxd4 45. Rxd4 Nxd4 46. Rc8 Nc4 47. Rd8+ Ke6 48. Re8+ Kd7 49. Re1 Nc2 50. Re2 Nb4 51. Kf4 f5 52. g4 Nd3+ 53. Kg5 fxg4 54. hxg4 Ndb2 55. Rh2 d4 56. Rxh7+ Ke6 57. f4 d3 58. Kxg6 d2 59. f5+ Kd6 60. Rh1 Ne5+ 61. Kh5 d1Q 62. Rxd1+ Nxd1 63. g5 Ke7 64. g6 Kf6 0-1

[Event "Wch U20 Girls 37th"]
[Site "New Delhi"]
[Date "2019.10.18"]
[Round "5"]
[White "Assaubayeva, Bibissara"]
[Black "Altantuya, Boldbaatar"]
[Result "1/2-1/2"]
[WhiteElo "2381"]
[BlackElo "2277"]
[PlyCount "188"]
[EventDate "2019.10.15"]
[EventType "swiss"]
[EventRounds "11"]
[EventCountry "IND"]
[SourceTitle "CBM 192 Extra"]
[Source "Chessbase"]
[SourceDate "2019.11.06"]
[SourceVersion "1"]
[SourceVersionDate "2019.11.06"]
[SourceQuality "1"]

1. d4 Nf6 2. c4 e6 3. Nf3 b6 4. g3 Bb7 5. Bg2 Be7 6. 0-0 0-0 7. Nc3 Ne4 8. Bd2 d5 9. cxd5 exd5 10. Rc1 Nd7 11. Bf4 c5 12. dxc5 Nxc3 13. Rxc3 bxc5 14. Ne1 Nb6 15. Rd3 Qc8 16. Nc2 d4 17. Bxb7 Qxb7 18. Bc1 a5 19. e3 dxe3 20. Nxe3 Rfd8 21. Re1 Bf6 22. Nf5 Rxd3 23. Qxd3 Qd7 24. Qc2 Qc6 25. Be3 Nd7 26. Bd4 h6 27. Bc3 Kh8 28. Qd2 Bxc3 29. bxc3 Nf8 30. Nd6 Kg8 31. Qf4 Qd7 32. Nf5 Ng6 33. Qg4 Rd8 34. h4 Qd2 35. Rf1 h5 36. Qxh5 Qxc3 37. Qg5 Qf6 38. Nh6+ Kf8 39. Qxc5+ Qe7 40. Qxe7+ Nxe7 41. Ng4 f6 42. Ne3 Rd2 43. Ra1 Nc6 44. Rc1 Ne5 45. Rc2 Rd3 46. Kf1 g6 47. Ke2 Rd6 48. Rc5 Nc6 49. Rd5 Re6 50. Kd2 Ke7 51. Rb5 Re4 52. Nd5+ Ke6 53. Nf4+ Kf7 54. Rb7+ Ne7 55. Kc3 Re5 56. a4 Rc5+ 57. Kd4 Re5 58. Kd3 g5 59. hxg5 Rxg5 60. Rb5 Nc6 61. Rb7+ Ke8 62. Rc7 Ne5+ 63. Ke4 Nd7 64. Kd4 Nb6 65. Rc6 Nxa4 66. Rxf6 Nb2 67. Ne2 Ke7 68. Rb6 Na4 69. Rb1 Kd6 70. f4 Rd5+ 71. Ke3 Nc5 72. Nd4 Rh5 73. f5 Rh3 74. Kf4 Nd3+ 75. Kg4 Rh8 76. Rb5 Rg8+ 77. Kf3 Ne5+ 78. Kg2 Ra8 79. Nc2 a4 80. Nb4 Nc4 81. Rd5+ Ke7 82. Rc5 Nd2 83. g4 Rg8 84. Re5+ Kf6 85. Re6+ Kg5 86. Nd5 a3 87. Ra6 Rb8 88. Rxa3 Kxg4 89. f6 Ne4 90. Ra4 Kf5 91. f7 Nd6 92. Rf4+ Ke5 93. f8Q Rxf8 94. Rxf8 Kxd5 1/2-1/2